000 00326nam a2200133Ia 4500
005 20251222141921.0
008 251222s9999||||xx |||||||||||||| ||spa||
020 _a84-7490-541-9
082 _a234.991/G51
100 _aGiussani, Luigi
245 0 _aCrear Huellas en la Historia del Mundo
264 _bEncuentro
942 _cLIB
999 _c8730
_d8730